000
00195 a2200097 4500
001
15552
100
_a
Kelaart, P
245
_a
Midus
260
_a
_b
M F Publishers
_c
1981
090
_c
12134
_d
12134
942
_a
NUST-CAE
_c
M
_c
2375
999
_c
250625
_d
250625